Mulla the Transfer of property act (Record no. 287810)

MARC details
000 -LEADER
fixed length control field 00451nam a2200169Ia 4500
005 - DATE AND TIME OF LATEST TRANSACTION
control field 20250328162332.0
008 - FIXED-LENGTH DATA ELEMENTS--GENERAL INFORMATION
fixed length control field 240126s9999 xx 000 0 und d
020 ## - INTERNATIONAL STANDARD BOOK NUMBER
International Standard Book Number 9789386515599
082 ## - DEWEY DECIMAL CLASSIFICATION NUMBER
Classification number 346.0436 MUL;1 R
100 ## - MAIN ENTRY--PERSONAL NAME
Personal name Mulla, Dinshaw Fardunji. Saxena, Poonam Pradhan.
245 #0 - TITLE STATEMENT
Title Mulla the Transfer of property act
250 ## - EDITION STATEMENT
Edition statement 13th ed.
260 ## - PUBLICATION, DISTRIBUTION, ETC. (IMPRINT)
Name of publisher, distributor, etc. Lexis Nexis
Place of publication, distribution, etc. Haryana
300 ## - PHYSICAL DESCRIPTION
Extent cccliv, 1188
440 ## - SERIES STATEMENT/ADDED ENTRY--TITLE
Title NULL
942 ## - ADDED ENTRY ELEMENTS (KOHA)
Koha item type Law Books
Holdings
Date last seen Total Checkouts Total Renewals Full call number Accession number Volume/Issue Number Date checked out Cost, replacement price Price effective from Category Lost status Source of classification or shelving scheme Damaged status Department Withdrawn status bill no. Permanent Location Current Location Shelving location Entry date Vendor Cost, normal purchase price Grants Currency symbol Conversion rate Discount Discount type
18/11/2025 8 1 346.0436 MUL;1 R LL1231 (10/07/1905) 18/11/2025 2236.85 26/01/2024 Law Books   Dewey Decimal Classification   LAW   285 Law Library Central Library   22/06/2019 MPP House 2695.00 Law RS 1 17 Percentage
18/11/2025 8 1 346.0436 MUL;2 R1 LL2125 (10/07/1905) 18/11/2025 2280.00 26/01/2024 Law Books   Dewey Decimal Classification   LAW   1134 Law Library Law Library   05/03/2021 MPP House 2850.00 Law RS 1 20 Percentage
03/11/2025 4 3 346.0436 MUL;3 LL2126 (10/07/1905) 03/11/2025 2280.00 26/01/2024 Law Books   Dewey Decimal Classification   LAW   1134 Law Library Law Library   05/03/2021 MPP House 2850.00 Law RS 1 20 Percentage

© For any Suggestions or Query, please contact the library staff @ librarian@pes.edu or Phone: +9180 2672 1983/ 2108.